Alphabet Soup Geography Quiz Stats

 Plays Quiz Updated Mar 9, 2017

Support Sporcle.
Go Orange.
Score 0/60 Timer 03:00
4 Plays Today
% Correct
???
84.4%
???
77.7%
???
72.8%
???
72.1%
???
69.7%
???
68.5%
???
67.8%
???
67.4%
???
66%
???
65.5%
???
62.7%
???
62.6%
???
62%
???
60.8%
???
59.6%
???
58%
???
57.1%
???
56.4%
???
55.1%
???
54.5%
???
54.1%
???
51.8%
???
48.6%
???
47.2%
???
46.2%
???
46%
???
45.9%
???
45.7%
???
45.7%
???
43.4%
% Correct
???
41.5%
???
39.5%
???
39.5%
???
39%
???
38.4%
???
38.3%
???
37%
???
36.1%
???
36%
???
35.6%
???
34.9%
???
34.6%
???
34.4%
???
34.3%
???
34%
???
32.9%
???
32.8%
???
32.5%
???
31.7%
???
31.1%
???
31%
???
30.1%
???
29.6%
???
29.5%
???
29.2%
???
27%
???
26.3%
???
26%
???
18%
???
17.8%

You're not logged in!

Compare scores with friends on all Sporcle quizzes.
OR
Log In
Forgot?

From the Vault

Remove Ads.
Support Sporcle.
Get the best of Sporcle when you Go Orange. This ad-free experience offers more features, more stats, and more fun while also helping to support Sporcle. Thank you for becoming a member.

Show Comments

Extras

Top Quizzes Today


Score Distribution

Your Account Isn't Verified!

In order to create a playlist on Sporcle, you need to verify the email address you used during registration. Go to your Sporcle Settings to finish the process.

Report this User

Report this user for behavior that violates our Community Guidelines.

Details: